Taizé a zmysel života

Bibliographic Details
Main Author: Clément, Olivier, 1921-2009 (Author)
Other Authors: Jánošková, Zuzana (Translator)
Format: Book
Language:Slovak
French
Published: Bratislava Serafín c1999
Subjects:

MARC

LEADER 00000cam a2200000 a 4500
001 vtls001359015
003 SK-MaSNL
005 20260301010610.0
008 240314s1999 xo r 000 0 slo
015 |a SNBA2000/01-00067 
020 |a 808894404X 
035 |a SNK000312545 
035 |a urn:nbn:sk:snk-amjchy 
035 |a urn:nbn:sk:snk-am002f7z 
035 |a 72DED6B7-B157-458B-877C-CBE913C95723 
040 |a SNK  |b slo  |c SNK  |e AACR2 
041 1 |a slo  |h fre 
044 |a xo  |c SK 
080 |a 242:061.234  |2 1981 
080 |a 130.123  |2 1981 
100 1 |a Clément, Olivier,  |d 1921-2009  |4 aut  |9 134237 
240 1 0 |a Taizé, un sens a la vie  |l Slovensky 
245 1 0 |a Taizé a zmysel života  |c Olivier Clément ; [z francúzskeho originálu preložila Zuzana Jánošková] 
260 |a Bratislava  |b Serafín  |c c1999 
300 |a 103 s.  |c 17 cm 
500 |a Ilustr. na tit. strane 
500 |a Údaj o prekl. prevzatý z tiráže 
610 2 7 |a Taizé (náboženská komunita)  |2 SNK  |9 292656 
650 0 7 |a zmysel života  |2 SNK  |9 4977 
655 7 |a úvahy  |2 SNK  |9 29403 
700 1 |a Jánošková, Zuzana  |4 trl  |9 64834 
919 |a 80-88944-04-X 
958 |a TL 
958 |a OP 
958 |a NS 
958 |a NT 
968 |b FR 
999 |c 548613  |d 550543 
952 |t P60, <04>, [BOOK], {604}  |a SNK  |b SNK  |y VYP  |7 0  |p 17A0952706  |o snkSD 69953 D1  |i snkKSP 3367/99  |0 0  |1 0  |4 0  |d 1999-03-30  |f 1  |l 0  |r 2005-01-02 00:00:00  |w 2026-02-23 
952 |t P60, <03>, [BOOK], {603}  |a SNK  |b SNK  |y PREZ  |7 0  |p 17A0185495  |o snkSD 69953  |i snkKSP 3366/99  |0 0  |1 0  |4 0  |d 1999-03-30  |l 0  |r 2005-01-02 00:00:00  |w 2026-02-23 
952 |t P60, <09>, [BOOK], {629}  |a SNK  |b SNK  |y NEVYP  |7 0  |o snkD 66  |i snk590/990423  |0 0  |1 0  |4 0  |d 1999-04-22  |l 0  |r 2005-01-02 00:00:00  |w 2026-02-23